Statistics for Gonzalo Higuain Goals 2015

Click here to take the quiz!

General Stats

  • This quiz has been taken 23 times
  • The average score is 11 of 22

Answer Stats

Answer% Correct
AC Milan
95%
Inter Milan
84%
Inter Milan
84%
Juventus
84%
Lazio
84%
Fiorentina
79%
Sampdoria
74%
Genoa
68%
Bologna
63%
Chievo Verona
63%
Atalanta
58%
Hellas Verona
58%
Palermo
58%
Udinese
58%
Paraguay
37%
Cesena
21%
Legia Warsaw
21%
Midtjylland
21%
Jamaica
11%
Dynamo Moscow
5%
Trabzonspor
5%
VfL Wolfsburg
5%

Score Distribution

Percentile by Number Answered

Percent of People with Each Score

Your Score History

You have not taken this quiz